000 00669cam a2200241 4500
008 090401t1997 xxu||||| |||| 00| 0 eng d
020 _a1566901375
035 _a(Sirsi) u82263
041 _aeng
050 _a333.70285
100 _aPlewe, Brandon
245 _aGIS online: information retrieval, mapping and the internet.
260 _aSanta Fe, N.M.
_bOnWord Press
_c1997
300 _axv,311p. : ill.,maps ; 23cm.
350 _a29.95
650 _aDISTRIBUTED GEOGRAPHIC INFORMATION
650 _aGIS
650 _aGIS
650 _aINTERNET
690 _aMANAGEMENT-BUSINESS MANAGEMENT-INFORMATION MANAGEMENT
942 _n0
948 _c20/11/1997
999 _c96772
_d96772